ბათუმის შოთა რუსთაველის სახელმწიფო უნივერსიტეტის ბიბლიოთეკა

Computer Networking from LANS to WANS: Hardvare, Software and Security (ბიბ.ჩანაწერი № 49222)

000 -LEADER
fixed length control field 00586nam a2200217Ia 4500
001 - CONTROL NUMBER
control field 16134
003 - CONTROL NUMBER IDENTIFIER
control field GE_BSU
008 - FIXED-LENGTH DATA ELEMENTS--GENERAL INFORMATION
fixed length control field 181216s||||||||xx |||||||||||||| ||und||
020 ## - INTERNATIONAL STANDARD BOOK NUMBER
International Standard Book Number 9781423903161
040 ## - CATALOGING SOURCE
Transcribing agency GE_BSU
080 ## - UNIVERSAL DECIMAL CLASSIFICATION NUMBER
Universal Decimal Classification number 004.7
100 ## - MAIN ENTRY--PERSONAL NAME
Personal name Mansfield,Jr. Kenneth. Antonakos, James L.
245 ## - TITLE STATEMENT
Title Computer Networking from LANS to WANS: Hardvare, Software and Security
260 ## - PUBLICATION, DISTRIBUTION, ETC.
Place of publication, distribution, etc. Boston
260 ## - PUBLICATION, DISTRIBUTION, ETC.
Date of publication, distribution, etc. 2010
300 ## - PHYSICAL DESCRIPTION
Extent 949p.23cm.
300 ## - PHYSICAL DESCRIPTION
Accompanying material +CD
653 ## - INDEX TERM--UNCONTROLLED
Uncontrolled term Computer Networking from LANS to WANS: Hardvare, Software and Security
942 ## - ADDED ENTRY ELEMENTS (KOHA)
Koha item type წიგნი
ეგზემპლარები
Withdrawn status Lost status Damaged status Not for loan Date acquired Barcode Date last seen Price effective from Koha item type
        2018-12-17 40299 2018-12-17 2018-12-17 წიგნი